The clash of civilizations and the remaking of world order (Record no. 3949)

000 -LEADER
fixed length control field 01071cam a2200301 a 4500
001 - CONTROL NUMBER
control field 3570497
003 - CONTROL NUMBER IDENTIFIER
control field Nust
005 - DATE AND TIME OF LATEST TRANSACTION
control field 20170105101616.0
008 - FIXED-LENGTH DATA ELEMENTS--GENERAL INFORMATION
fixed length control field 980914s1997 pk b b 001 0 eng
010 ## - LIBRARY OF CONGRESS CONTROL NUMBER
LC control number 98195816
020 ## - INTERNATIONAL STANDARD BOOK NUMBER
International Standard Book Number 0195779339
040 ## - CATALOGING SOURCE
Original cataloging agency DLC
Transcribing agency DLC
Modifying agency DLC
050 00 - LIBRARY OF CONGRESS CALL NUMBER
Classification number D860
Item number .C6 1997
082 ## - DEWEY DECIMAL CLASSIFICATION NUMBER
Classification number 909.82
Author Mark HUN
100 ## - MAIN ENTRY--PERSONAL NAME
Personal name Huntington, Samuel P.
245 04 - TITLE STATEMENT
Title The clash of civilizations and the remaking of world order
Statement of responsibility, etc. .Huntington, Samuel P.
260 ## - PUBLICATION, DISTRIBUTION, ETC.
Place of publication, distribution, etc. New York ;
Name of publisher, distributor, etc. Simon & Schuster,
Date of publication, distribution, etc. 1997.
300 ## - PHYSICAL DESCRIPTION
Extent vii, 367 p. :
Dimensions 22 cm.
504 ## - BIBLIOGRAPHY, ETC. NOTE
Bibliography, etc. note Includes bibliographical references and index.
650 #0 - SUBJECT ADDED ENTRY--TOPICAL TERM
Topical term or geographic name entry element World politics,
Chronological subdivision 1989-
650 #0 - SUBJECT ADDED ENTRY--TOPICAL TERM
Topical term or geographic name entry element Post-communism.
650 #0 - SUBJECT ADDED ENTRY--TOPICAL TERM
Topical term or geographic name entry element Civilization, Modern,
Chronological subdivision 1950-
700 1# - ADDED ENTRY--PERSONAL NAME
Personal name Huntington, Samuel P.
Title of a work Clash of civilizations and the remaking of world order.
856 42 - ELECTRONIC LOCATION AND ACCESS
Materials specified Publisher description
Uniform Resource Identifier <a href="http://www.loc.gov/catdir/enhancements/fy0636/98195816-d.html">http://www.loc.gov/catdir/enhancements/fy0636/98195816-d.html</a>
906 ## - LOCAL DATA ELEMENT F, LDF (RLIN)
a 7
b cbc
c orignew
d 3
e ncip
f 19
g y-gencatlg
942 ## - ADDED ENTRY ELEMENTS (KOHA)
Source of classification or shelving scheme
Koha item type Book
Holdings
Withdrawn status Lost status Source of classification or shelving scheme Damaged status Not for loan Collection code Permanent Location Current Location Shelving location Date acquired Source of acquisition Total Checkouts Total Renewals Full call number Barcode Checked out Date last seen Date last checked out Copy number Price effective from Koha item type
            Central Library (CL) Central Library (CL) Book Cart 11/29/2016 Purchased 8 3 909.82HUN CL2992 06/08/2026 02/04/2026 06/02/2025 1 11/29/2016 Book
© 2023 Central Library, National University of Sciences and Technology. All Rights Reserved.